[Event "Commonwealth-ch"]
[Site "Mumbai"]
[Date "2003.04.21"]
[Round "3"]
[White "Priyadarshini, M."]
[Black "Mohota, Nisha"]
[Result "0-1"]
[WhiteElo "2094"]
[BlackElo "2277"]
[PlyCount "111"]
[EventDate "2003.04.20"]
[EventType "swiss"]
[EventRounds "10"]
[EventCountry "IND"]
[SourceTitle "CBM 093 Extra"]
[Source "ChessBase"]
[SourceDate "2003.05.09"]
[SourceVersion "1"]
[SourceVersionDate "2003.05.09"]
[SourceQuality "1"]

1. c4 e6 2. Nc3 d5 3. cxd5 exd5 4. d4 c6 5. Nf3 Bd6 6. Bg5 Ne7 7. Qc2 f6 8. Bh4 Bf5 9. Qb3 Qb6 10. Qxb6 axb6 11. Bg3 Bxg3 12. hxg3 b5 13. b3 Nd7 14. e3 Kf7 15. Kd2 Ra3 16. Kc1 Rha8 17. Kb2 Nb6 18. Be2 h6 19. Ne1 Nec8 20. Bd3 Bxd3 21. Nxd3 Nd6 22. Nc5 R3a7 23. Ne2 Ne4 24. Nxe4 dxe4 25. Nc3 f5 26. g4 b4 27. Ne2 fxg4 28. Rh4 Nd5 29. Rxg4 Nf6 30. Rh4 h5 31. Ng3 g5 32. Rhh1 h4 33. Ne2 Kg6 34. g3 Rh8 35. gxh4 gxh4 36. Rag1+ Kf5 37. Rh2 Ng4 38. Rhh1 Raa8 39. Rf1 Rag8 40. Rh3 Nf6 41. Nf4 Nd5 42. Nxd5 cxd5 43. Rh2 h3 44. Rfh1 Rg2 45. Kc1 Rxh2 46. Rxh2 Kg4 47. Kb2 Kh4 48. a3 Rg8 49. axb4 Rg2 50. Rh1 Rxf2+ 51. Ka3 h2 52. b5 b6 53. Rc1 Kg3 54. Rc6 h1Q 55. Rxb6 Qa1+ 56. Kb4 0-1

[Event "Commonwealth-ch"]
[Site "Mumbai"]
[Date "2003.??.??"]
[Round "8"]
[White "Saravanan, Venkat"]
[Black "Priyadarshini, M."]
[Result "1-0"]
[WhiteElo "2357"]
[BlackElo "2086"]
[PlyCount "81"]
[EventDate "2003.04.20"]
[EventType "swiss"]
[EventRounds "10"]
[EventCountry "IND"]
[SourceTitle "CBM 093 Extra"]
[Source "ChessBase"]
[SourceDate "2003.05.09"]
[SourceVersion "1"]
[SourceVersionDate "2003.05.09"]
[SourceQuality "1"]

1. Nf3 Nf6 2. c4 c5 3. d4 cxd4 4. Nxd4 e6 5. Nc3 d5 6. Bg5 Be7 7. e3 0-0 8. Be2 Nc6 9. 0-0 Nxd4 10. Qxd4 dxc4 11. Qxc4 Qb6 12. Rfd1 Rd8 13. Rxd8+ Qxd8 14. Rd1 Qe8 15. Qc7 Nd5 16. Rxd5 exd5 17. Qxe7 Qxe7 18. Bxe7 Be6 19. Bc5 a6 20. a4 b5 21. axb5 axb5 22. h3 Bd7 23. f4 Bc6 24. Kf2 f6 25. b4 Rb8 26. Bf3 Rd8 27. Be2 Rb8 28. Bf3 Rd8 29. Ne2 Kf7 30. Nd4 Be8 31. f5 g6 32. g4 Kg8 33. Ke2 h5 34. gxh5 gxh5 35. h4 Kh7 36. Kd3 Bd7 37. Ne6 Bxe6 38. fxe6 Re8 39. e7 Kg7 40. Bxd5 Rc8 41. Be6 1-0

[Event "Wch U20 Girls 19th"]
[Site "Goa"]
[Date "2002.12.12"]
[Round "6"]
[White "Trujillo Delgado, Dafnae Lorena"]
[Black "Priyadarshini, M."]
[Result "0-1"]
[WhiteElo "2036"]
[BlackElo "2097"]
[PlyCount "48"]
[EventDate "2002.12.09"]
[EventType "swiss"]
[EventRounds "13"]
[EventCountry "IND"]
[SourceTitle "CBM 091 Extra"]
[Source "ChessBase"]
[SourceDate "2003.01.09"]
[SourceVersion "1"]
[SourceVersionDate "2003.01.09"]
[SourceQuality "1"]

1. e4 c6 2. d4 d5 3. exd5 cxd5 4. Bd3 Nc6 5. c3 Nf6 6. Nf3 Bg4 7. Bf4 e6 8. Nbd2 Bd6 9. Bxd6 Qxd6 10. 0-0 0-0 11. Re1 Rab8 12. Qc2 b5 13. Ne5 Bh5 14. Re3 b4 15. Rae1 Rfc8 16. Rh3 bxc3 17. Bxh7+ Kf8 18. bxc3 Nxd4 19. Qd3 Nc6 20. Ndc4 Qc7 21. Rxh5 dxc4 22. Qf3 Nxe5 23. Rhxe5 Nxh7 24. Qh3 Qxe5 0-1

[Event "Wch U20 Girls 19th"]
[Site "Goa"]
[Date "2002.12.10"]
[Round "2"]
[White "Rajadharshini, M."]
[Black "Priyadarshini, M."]
[Result "1/2-1/2"]
[WhiteElo "2045"]
[BlackElo "2097"]
[PlyCount "76"]
[EventDate "2002.12.09"]
[EventType "swiss"]
[EventRounds "13"]
[EventCountry "IND"]
[SourceTitle "CBM 091 Extra"]
[Source "ChessBase"]
[SourceDate "2003.01.09"]
[SourceVersion "1"]
[SourceVersionDate "2003.01.09"]
[SourceQuality "1"]

1. Nf3 d5 2. g3 Nf6 3. Bg2 Bf5 4. 0-0 e6 5. d3 c5 6. c3 Nc6 7. Bg5 h6 8. Bxf6 Qxf6 9. Nbd2 Bh7 10. e4 d4 11. c4 Bd6 12. Qe2 e5 13. Ne1 g5 14. Nc2 a6 15. a3 b5 16. Rab1 0-0 17. b4 Rfb8 18. bxc5 Bxc5 19. Rfc1 Qe7 20. Ra1 Na5 21. cxb5 Rxb5 22. a4 Rb6 23. Rab1 Rab8 24. Qd1 Nb3 25. Nxb3 Rxb3 26. Rxb3 Rxb3 27. Nxd4 Rb2 28. Ne2 Qa7 29. Rc2 Bxf2+ 30. Kh1 Rxc2 31. Qxc2 Qc5 32. Qxc5 Bxc5 33. Nc3 f5 34. exf5 Bxf5 35. Ne4 Bxe4 36. Bxe4 a5 37. h3 Kf7 38. g4 Ke6 1/2-1/2